000 00698 a2200241 4500
502 _aThèse de Doctorat
260 _aWageningen
653 1 _aAgronomie
100 _aBROEKMANS, MR Wendy
041 _bEn
260 _bUniversité de Wageningen
300 _a199 p.
245 _aCarotenoid status in man : effects on biomarkers of eye, skin and cardiovascular health
300 _bIll., Couv. ill. ; 24 cm
260 _c31 Mai 2002
130 _lEn
040 _aSupport
041 _bEn
653 1 _aNutrition et Sciences Alimentaires
100 _uAbomey-Calavi, Université d'Abomey-Calavi, Faculté des Sciences Agronomiques, Bj
020 _a90-5808-631-3
999 _c32219
_d32219